| 000 | 00775nam a2200217Ia 4500 | ||
|---|---|---|---|
| 008 | 100315s9999 xx 000 0 und d | ||
| 020 | _a81-86314-59-8 | ||
| 082 |
_b3110 _a658.3 |
||
| 100 | _a"Ghanekar, Anjali " | ||
| 245 | _aHuman Resources Management: Managing Personnel The HRD Way | ||
| 260 |
_aPune _bEverest _c1997 |
||
| 300 | _a381p. | ||
| 365 |
_eRupees _d1 _b150.00 |
||
| 366 | _f0 | ||
| 505 | _gTushar Jadhav | ||
| 530 | _b- | ||
| 620 | _a"HRM/Personnel Management, Personnel Department, Human Resource Planning, Recruitment & Selection, Placement Induction " | ||
| 630 | _aHuman Resources Management: Managing Personnel The HRD Way | ||
| 730 | _aHuman Resources Management: Managing Personnel The HRD Way | ||
| 942 | _cBOOK | ||
| 999 |
_c477845 _d477842 |
||